wszystkie gminy w Mazowieckim - Statystyki

Ogólne statystyki
  • Ten quiz został rozwiązany 247 razy
  • Średni wynik to 79 z 312
Statystyki odpowiedzi
Powiat Typ Gminy Gmina % Poprawnych
miasto na prawach powiatu Warszawa
92%
Płock
85%
Radom
85%
Ostrołęka
80%
Siedlce
79%
otwocki miejska Otwock
78%
miejsko-wiejska Wołomin
76%
grójecki miejsko-wiejska Grójec
75%
legionowski miejska Legionowo
74%
mławski miejska Mława
74%
piaseczyński miejsko-wiejska Piaseczno
74%
pruszkowski miejska Pruszków
74%
ciechanowski miejska Ciechanów
73%
płoński miejska | wiejska Płońsk
72%
pułtuski miejsko-wiejska Pułtusk
72%
grodziski miejska | wiejska Grodzisk Mazowiecki
71%
miński miejska | wiejska Mińsk Mazowiecki
71%
nowodworski miejska Nowy Dwór Mazowiecki
71%
garwoliński miejska | wiejska Garwolin
70%
sochaczewski miejska | wiejska Sochaczew
70%
gostyniński miejska Gostynin
69%
wyszkowski miejsko-wiejska Wyszków
69%
żyrardowski miejska Żyrardów
69%
kozienicki miejsko-wiejska Kozienice
68%
węgrowski miejska Węgrów
67%
żuromiński miejsko-wiejska Żuromin
67%
zwoleński miejsko-wiejska Zwoleń
67%
białobrzeski miejsko-wiejska Białobrzegi
66%
łosicki miejsko-wiejska Łosice
65%
sierpecki miejska | wiejska Sierpc
65%
szydłowiecki miejsko-wiejska Szydłowiec
64%
przasnyski miejska | wiejska Przasnysz
63%
makowski miejsko-wiejska Maków Mazowiecki
61%
ostrowski miejska | wiejska Ostrów Mazowiecka
60%
lipski miejsko-wiejska Lipsko
57%
miejska Marki
57%
sokołowski miejska | wiejska Sokołów Podlaski
57%
wołomiński miejska Ząbki
53%
miejsko-wiejska Ożarów Mazowiecki
52%
miejsko-wiejska Góra Kalwaria
51%
przysuski miejsko-wiejska Przysucha
51%
miejsko-wiejska Błonie
50%
wiejska Leszno
50%
miejska Józefów
49%
miejsko-wiejska Konstancin-Jeziorna
49%
warszawski zachodni miejsko-wiejska Łomianki
49%
miejska Piastów
49%
miejsko-wiejska Warka
49%
miejska Zielonka
48%
miejska Kobyłka
47%
miejsko-wiejska Radzymin
45%
miejska Sulejówek
45%
miejsko-wiejska Tłuszcz
44%
miejsko-wiejska Brwinów
42%
miejska Milanówek
42%
miejsko-wiejska Tarczyn
42%
miejska Podkowa Leśna
41%
miejsko-wiejska Kałuszyn
40%
miejsko-wiejska Mszczonów
40%
miejsko-wiejska Serock
40%
wiejska Jabłonna
39%
wiejska Raszyn
39%
miejsko-wiejska Halinów
38%
radomski miejska | wiejska Pionki
38%
wiejska Lesznowola
36%
miejsko-wiejska Łochów
36%
siedlecki miejsko-wiejska Mordy
36%
wiejska Czerwin
35%
miejsko-wiejska Mrozy
35%
miejsko-wiejska Nasielsk
35%
wiejska Nieporęt
35%
wiejska Nowe Miasto
35%
miejsko-wiejska Iłża
34%
miejsko-wiejska Karczew
33%
wiejska Nadarzyn
33%
miejsko-wiejska Zakroczym
33%
miejsko-wiejska Glinojeck
32%
wiejska Kołbiel
31%
miejsko-wiejska Nowe Miasto nad Pilicą
31%
wiejska Wieliszew
31%
miejsko-wiejska Wyszogród
31%
miejsko-wiejska Brok
30%
wiejska Kampinos
30%
wiejska Liw
29%
miejsko-wiejska Różan
29%
wiejska Stare Babice
29%
wiejska Izabelin
28%
ostrołęcki miejsko-wiejska Myszyniec
28%
miejsko-wiejska Pilawa
28%
wiejska Teresin
27%
wiejska Dębe Wielkie
26%
wiejska Jedlnia-Letnisko
26%
miejsko-wiejska Kosów Lacki
26%
wiejska Cegłów
25%
miejsko-wiejska Drobin
25%
wiejska Stanisławów
25%
wiejska Celestynów
24%
miejsko-wiejska Chorzele
24%
wiejska Wiązowna
24%
wiejska Wilga
24%
miejsko-wiejska Wyśmierzyce
24%
miejsko-wiejska Żelechów
24%
miejsko-wiejska Czerwińsk nad Wisłą
23%
wiejska Czosnów
23%
płocki miejsko-wiejska Gąbin
23%
miejsko-wiejska Mogielnica
23%
miejska | wiejska Raciąż
23%
miejsko-wiejska Skaryszew
23%
wiejska Kadzidło
22%
wiejska Latowicz
22%
wiejska Pomiechówek
22%
miejsko-wiejska Solec nad Wisłą
22%
miejsko-wiejska Wiskitki
22%
wiejska Żabia Wola
22%
wiejska Dobre
21%
miejsko-wiejska Bieżuń
20%
wiejska Małkinia Górna
20%
miejsko-wiejska Sanniki
20%
wiejska Baranów
19%
wiejska Długosiodło
19%
miejska | wiejska Łaskarzew
19%
wiejska Magnuszew
19%
wiejska Michałowice
19%
miejsko-wiejska Sochocin
19%
wiejska Prażmów
18%
wiejska Andrzejewo
17%
wiejska Brańszczyk
17%
wiejska Iłów
17%
wiejska Jadów
17%
wiejska Jaktorów
17%
wiejska Kotuń
17%
wiejska Leoncin
17%
wiejska Maciejowice
17%
wiejska Nur
17%
wiejska Orońsko
17%
wiejska Siennica
17%
wiejska Zaręby Kościelne
17%
wiejska Jednorożec
16%
wiejska Łyse
16%
wiejska Radziejowice
16%
wiejska Wiśniew
16%
wiejska Baboszewo
15%
wiejska Brochów
15%
wiejska Goworowo
15%
wiejska Osieck
15%
wiejska Poświętne
15%
wiejska Sarnaki
15%
wiejska Sobolew
15%
wiejska Bodzanów
14%
wiejska Boguty-Pianki
14%
wiejska Dąbrówka
14%
wiejska Jedlińsk
14%
wiejska Puszcza Mariańska
14%
wiejska Rzekuń
14%
wiejska Belsk Duży
13%
wiejska Brudzeń Duży
13%
wiejska Chynów
13%
wiejska Garbatka-Letnisko
13%
wiejska Jakubów
13%
wiejska Łąck
13%
wiejska Obryte
13%
wiejska Opinogóra Górna
13%
wiejska Potworów
13%
wiejska Promna
13%
wiejska Radzanów
13%
wiejska Sadowne
13%
wiejska Sobienie-Jeziory
13%
wiejska Strzegowo
13%
wiejsa Trojanów
13%
wiejska Wiśniewo
13%
wiejska Zbuczyn
13%
wiejska Bielsk
12%
wiejska Błędów
12%
wiejska Huszlew
12%
wiejska Lelis
12%
wiejska Naruszewo
12%
wiejska Rząśnik
12%
wiejska Słupno
12%
wiejska Staroźreby
12%
wiejska Sterdyń
12%
wiejska Wąsewo
12%
wiejska Załuski
12%
wiejska Ceranów
11%
wiejska Grabów nad Pilicą
11%
wiejska Jabłonna Lacka
11%
wiejska Korytnica
11%
wiejska Mokobody
11%
wiejska Przytyk
11%
wiejska Skórzec
11%
wiejska Wierzbica
11%
wiejska Wolanów
11%
wiejska Dzierzążnia
10%
wiejska Głowaczów
10%
wiejska Gołymin-Ośrodek
10%
wiejska Goszczyn
10%
wiejska Gózd
10%
wiejska Grudusk
10%
wiejska Gzy
10%
wiejska Jasieniec
10%
wiejska Jastrząb
10%
wiejska Joniec
10%
wiejska Klembów
10%
wiejska Klwów
10%
wiejska Krasnosielc
10%
miejsko-wiejska Lubowidz
10%
wiejska Miedzna
10%
wiejska Młodzieszyn
10%
wiejska Młynarze
10%
wiejska Ojrzeń
10%
wiejska Olszewo-Borki
10%
wiejska Parysów
10%
wiejska Platerów
10%
wiejska Pniewy
10%
wiejska Sienno
10%
wiejska Somianka
10%
wiejska Sońsk
10%
wiejska Stary Lubotyń
10%
wiejska Stoczek
10%
wiejska Stromiec
10%
wiejska Szulborze Wielkie
10%
wiejska Wieczfnia Kościelna
10%
wiejska Zatory
10%
wiejska Bielany
9%
wiejska Ciepielów
9%
wiejska Grębków
9%
wiejska Jastrzębia
9%
wiejska Mała Wieś
9%
wiejska Nowa Sucha
9%
wiejska Nowy Duninów
9%
wiejska Pokrzywnica
9%
wiejska Repki
9%
wiejska Rybno
9%
wiejska Stara Błotnica
9%
wiejska Suchożebry
9%
wiejska Troszyn
9%
wiejska Zabrodzie
9%
wiejska Zakrzew
9%
wiejska Baranowo
8%
wiejska Bulkowo
8%
wiejska Chlewiska
8%
wiejska Czarnia
8%
wiejska Gielniów
8%
wiejska Kowala
8%
wiejska Mochowo
8%
wiejska Odrzywół
8%
wiejska Pacyna
8%
wiejska Płoniawy-Bramura
8%
wiejska Radzanowo
8%
wiejska Regimin
8%
wiejska Rościszewo
8%
wiejska Sabnie
8%
wiejska Siemiątkowo
8%
wiejska Słubice
8%
wiejska Stara Kornica
8%
wiejska Strachówka
8%
wiejska Świercze
8%
wiejska Szczawin Kościelny
8%
wiejska Zawidz
8%
wiejska Gniewoszów
7%
wiejska Gozdowo
7%
wiejska Karniewo
7%
wiejska Krasne
7%
wiejska Stara Biała
7%
wiejska Sypniewo
7%
wiejska Szczutowo
7%
wiejska Wieniawa
7%
wiejska Borowie
6%
wiejska Czernice Borowe
6%
wiejska Kazanów
6%
wiejska Korczew
6%
wiejska Kuczbork-Osada
6%
wiejska Lipowiec Kościelny
6%
wiejska Miastków Kościelny
6%
wiejska Paprotnia
6%
wiejska Policzna
6%
wiejska Przesmyki
6%
wiejska Rzeczniów
6%
wiejska Rzewnie
6%
wiejska Stupsk
6%
wiejska Szreńsk
6%
wiejska Szydłowo
6%
wiejska Tczów
6%
wiejska Wierzbno
6%
wiejska Wodynie
6%
wiejska Czerwonka
5%
wiejska Dzierzgowo
5%
wiejska Olszanka
5%
wiejska Przyłęk
5%
wiejska Sieciechów
5%
wiejska Szelków
5%
wiejska Domanice
4%
wiejska Górzno
4%
wiejska Lutocin
4%
wiejska Mirów
4%
wiejska Borkowice
3%
wiejska Rusinów
3%
wiejska Chotcza
2%
wiejska Krzynowłoda Mała
1%
Nie znaleziono quizów pasujących do podanych kryteriów
Rozkład punktacji
Procent ludzi z każdym wynikiem
Percentyl według liczby udzielonych odpowiedzi
Twoja historia wyników
Nie rozwiązałeś tego quizu